| 000 | 00879nam a22002057a 4500 | ||
|---|---|---|---|
| 005 | 20210325180851.0 | ||
| 008 | th tha d | ||
| 041 | _atha | ||
| 050 |
_aJQ1746.A3 _bต185ห |
||
| 100 | 0 | _aตรีพล เจาะจิตต์ | |
| 245 | 1 | 0 | _a1 ปี รัฐบาลทักษิณ คิดใหม่ ทำใหม่ |
| 260 | 3 |
_aม.ป.ท. : _bม.ป.พ., _cม.ป.ป. |
|
| 300 |
_a132 หน้า : _bภาพประกอบ ; _c 21 ซม.21 ซม. |
||
| 650 | 0 | 4 | _aผลงานรัฐบาล (พ.ต.ท.ทักษิณ ชินวัตร) -- วิจารณ์ |
| 650 | 0 | 4 | _aรัฐบาล (พ.ต.ท.ทักษิณ ชินวัตร) -- ผลงาน -- วิจารณ์ |
| 850 | _aNALT | ||
| 942 | _cGB | ||
| 997 | _c000000000010414 | ||
| 998 | _aPRATHANA | ||
| 999 |
_c10414 _d10414 |
||